Du Vésuve à l'Etna / (Record no. 63090)
[ view plain ]
| 000 -LEADER | |
|---|---|
| fixed length control field | 00624nam a2200217 a 4500 |
| 001 - CONTROL NUMBER | |
| control field | 63090 |
| 003 - CONTROL NUMBER IDENTIFIER | |
| rucl marc code | BD-RjUL |
| 005 - DATE AND TIME OF LATEST TRANSACTION | |
| control field | 20211209081146.0 |
| 008 - FIXED-LENGTH DATA ELEMENTS--GENERAL INFORMATION | |
| fixed length control field | 170128s1952 fr 000 0 fre d |
| 035 ## - SYSTEM CONTROL NUMBER | |
| System control number | (BD-RjUL)63218 |
| 040 ## - CATALOGING SOURCE | |
| Original cataloging agency | DLC |
| Transcribing agency | NcWsW |
| Modifying agency | BD-RjUL |
| Language of cataloging | eng |
| 041 ## - LANGUAGE CODE | |
| Language code of text/sound track or separate title | eng |
| 082 ## - DEWEY DECIMAL CLASSIFICATION NUMBER | |
| Classification number | 914.5 |
| Edition number | 23 |
| Author mark and year | PED 1952 |
| 100 1# - MAIN ENTRY--PERSONAL NAME | |
| Personal name | Peyrefitte, Roger |
| 9 (RLIN) | 187706 |
| 245 10 - TITLE STATEMENT | |
| Title | Du Vésuve à l'Etna / |
| Statement of responsibility, etc. | Roger Peyrefitte |
| 260 ## - PUBLICATION, DISTRIBUTION, ETC. (IMPRINT) | |
| Place of publication, distribution, etc. | Paris : |
| Name of publisher, distributor, etc. | Flammarion, |
| Date of publication, distribution, etc. | 1952. |
| 300 ## - PHYSICAL DESCRIPTION | |
| Pagination | 284 p. ; |
| Size | 19 cm. |
| 651 #0 - SUBJECT ADDED ENTRY--GEOGRAPHIC NAME | |
| Geographic name | Italy, Southern |
| General subdivision | Description and travel. |
| 9 (RLIN) | 187707 |
| Geographic name | Italy, Southern |
| General subdivision | Civilization. |
| 9 (RLIN) | 187708 |
| 942 ## - ADDED ENTRY ELEMENTS (KOHA) | |
| Source of classification or shelving scheme | Dewey Decimal Classification |
| Koha item type | Books |
| Lost status | Source of classification or shelving scheme | Damaged status | Not for loan | Collection code | Permanent Location | Current Location | Shelving location | Date acquired | Total Checkouts | Full call number | Date last seen | Copy number | Koha item type |
|---|---|---|---|---|---|---|---|---|---|---|---|---|---|
| Dewey Decimal Classification | Not For Loan | Non-fiction | Central Library, University of Rajshahi | Central Library, University of Rajshahi | Reading Room | 25/05/2008 | 914.5 PED 1952 | 28/01/2017 | C-1 | Books |